Os trabalhos de Hércules / (Record no. 152)

MARC details
000 -LÍDER
campo de controle de tamanho fixo 01585nam a2200361 4500
001 - NÚMERO DE CONTROLE
campo de controle 152
003 - IDENTIFICADOR DO NÚMERO DE CONTROLE
campo de controle OSt
005 - DATA E HORÁRIO DA ÚLTIMA TRANSAÇÃO
campo de controle 20250217153650.0
008 - CAMPO DE DADOS FIXOS--INFORMAÇÃO GERAL
campo de controle de tamanho fixo 250128b |||||||g |||| 00| j eng d
020 ## - ISBN - INTERNATIONAL STANDARD BOOK NUMBER
ISBN - International Standard Book Number 8511513574
040 ## - FONTE DA CATALOGAÇÃO
Idioma da catalogação por
041 ## - CÓDIGO DE IDIOMA
Código do idioma do original e/ou traduções intermediárias do texto eng
Código do idioma do texto/trilha sonora ou título diferente por
082 ## - CDD - CLASSIFICAÇÃO DECIMAL DE DEWEY
Número de Classificação 823
Número do exemplar C555tr
100 1# - ENTRADA PRINCIPAL--NOME PESSOAL
Nome pessoal Christie, Agatha,
Datas associadas ao nome 1890-1976
9 (RLIN) 268
240 ## - TÍTULO UNIFORME
Título uniforme The labors of Hercules
245 ## - TÍTULO
Título Os trabalhos de Hércules /
Indicação de responsabilidade, etc. Christie, Agatha ; Tradução de Barbara Heliodora
260 ## - PUBLICAÇÃO, DISTRIBUIÇÃO, ETC.
Local de publicação, distribuição, etc. Rio de Janeiro
Nome do editor, distribuidor, etc. Record
Data da publicação, distribuição, etc. 1987
300 ## - DESCRIÇÃO FÍSICA
Extensão 235 p.
490 1# - TÍTULO DA SÉRIE
Título da série Detetive Hercule Poirot
520 ## - NOTA DE RESUMO, ETC.
Resumo, etc. Nesta coletânea de contos, um dos personagens mais recorrentes na obra de Agatha Christie, Hercule Poirot, defronta-se com casos de assassinato, chantagem e fraudes. O detetive se vê diversas vezes diante de desafios inéditos em sua carreira. Mais do que nunca, sua imaginação e capacidade de dedução são postas em jogo.<br/>O LEÃO DA NÉMEIA; A HIDRA DE LERNA; A CORÇA DE ARCÁDIA; O JAVALI DE ERIMANTO; AS CAVALARIÇAS DE ÁUGIAS; AS AVES DO LAGO ESTÍNFALE; O TOURO DE CRETA; OS CAVALOS DE HIPÓLITA; O REBANHO DE CERIÃO; AS MAÇÃS DAS HESPÉRIDES; AS PROFUNDEZAS DO INFERNO.
650 #0 - ASSUNTO--TERMO TÓPICO
Cabeçalho tópico ou nome geográfico Literatura Inglesa
9 (RLIN) 89
650 #0 - ASSUNTO--TERMO TÓPICO
Cabeçalho tópico ou nome geográfico Historias curtas
9 (RLIN) 67
650 #0 - ASSUNTO--TERMO TÓPICO
Cabeçalho tópico ou nome geográfico Romance Policial
9 (RLIN) 11
650 #0 - ASSUNTO--TERMO TÓPICO
Cabeçalho tópico ou nome geográfico Suspense
9 (RLIN) 10
650 #0 - ASSUNTO--TERMO TÓPICO
Cabeçalho tópico ou nome geográfico Mistério
9 (RLIN) 42
650 #0 - ASSUNTO--TERMO TÓPICO
Cabeçalho tópico ou nome geográfico Crime e Investigação
9 (RLIN) 13
650 #0 - ASSUNTO--TERMO TÓPICO
Cabeçalho tópico ou nome geográfico Clássicos
9 (RLIN) 77
650 #0 - ASSUNTO--TERMO TÓPICO
Cabeçalho tópico ou nome geográfico Filme
9 (RLIN) 26
655 #0 - TERMO DE ÍNDICE--GÊNERO E FORMA
Gênero/forma/ou termo foco Conto
700 ## - ENTRADA ADICIONADA - NOME PESSOAL
Nome pessoal Barbara Heliodora
Função do autor por extenso Tradutor
9 (RLIN) 289
830 ## - ENTRADA SECUNDÁRIA DE SÉRIE--TÍTULO UNIFORME
Título uniforme Detetive Hercule Poirot
9 (RLIN) 271
942 ## - ELEMENTOS DE ENTRADA ADICIONADOS (KOHA)
Fonte de classificação ou esquema de arquivamento Classificação decimal de Dewey
Ocultar no OPAC Não
Tipo de material Koha Livros
Holdings
Situação do descarte Situação das perdas Fonte de classificação ou esquema de arquivamento Status danificado Não pode ser emprestado Coleção Biblioteca de origem Biblioteca atual Localização na estante Data de aquisição Fonte de aquisição Total de empréstimos Número de chamada completo Código de barras Data de último acesso Data do preço efetivo Tipo de material Koha
    Classificação decimal de Dewey     Ficção Biblioteca Professor Eduardo Afonso de Castro Biblioteca Professor Eduardo Afonso de Castro Literatura Estrangeira 05.09.2013 doação   823 / C555tr 2025-14740 28.01.2025 28.01.2025 Livros

Powered by Koha